[Event "IRI-ch U16"]
[Site "Chess.com INT"]
[Date "2021.01.16"]
[Round "9"]
[White "Ghasemi, Saleh"]
[Black "Hasan Poor, Mohammad Pooya"]
[Result "0-1"]
[WhiteElo "1151"]
[BlackElo "1391"]
[PlyCount "104"]
[EventDate "2021.01.16"]
[EventType "swiss"]
[EventRounds "11"]
[EventCountry "IRI"]
[SourceTitle "EXT 2022"]
[Source "ChessBase"]
[SourceDate "2021.10.06"]
[SourceVersion "1"]
[SourceVersionDate "2021.10.06"]
[SourceQuality "1"]

1. e4 c6 2. d4 d5 3. Nc3 dxe4 4. Nxe4 Bf5 5. Ng3 Bg6 6. h4 h6 7. h5 Bh7 8. Bd3 Bxd3 9. Qxd3 Nf6 10. Nf3 e6 11. Bd2 Nbd7 12. 0-0-0 Bd6 13. Ne4 Nxe4 14. Qxe4 Nf6 15. Qe2 Qb6 16. Qe1 Qa6 17. Kb1 Qb5 18. Ne5 Bxe5 19. dxe5 Nd7 20. Bc3 0-0-0 21. f4 Nc5 22. Rd6 Na4 23. b3 Nb6 24. Bb2 Qc5 25. Qf1 Rxd6 26. exd6 Rg8 27. Qd3 Qf5 28. Qxf5 exf5 29. c4 Kd7 30. c5 Nd5 31. g3 f6 32. Re1 Re8 33. Rxe8 Kxe8 34. Bd4 b6 35. a3 bxc5 36. Bxc5 a6 37. Bd4 Kd7 38. Bc5 Nc3+ 39. Kc2 Ne4 40. b4 Nxg3 41. Kb3 Nxh5 42. Ka4 Nxf4 43. Ka5 Nd3 44. Kxa6 Nxc5+ 45. bxc5 f4 46. Kb7 f3 47. a4 f2 48. a5 f1Q 49. a6 Qxa6+ 50. Kxa6 h5 51. Ka5 h4 52. Kb4 h3 0-1